Guess the Punchline - Statistics

General Stats
  • This quiz has been taken 52 times
  • The average score is 2 of 15
Answer Stats
Joke Punchline % Correct
I was reading a book, The History Of Glue I couldn’t put it down
71%
I was steering a yacht with my stomach muscles Absailing
31%
This song is called subtraction Take it away
29%
I can't spell Armageddon but It's not the end of the world
24%
my yoga instructor was really drunk which put me in An awkward position
16%
Do you like local jokes? Me too, they're Right up my street
13%
I met the man who invented window sills What a ledge
13%
Do I enjoy doing courthouse puns? Guilty!
11%
I played the back half of a pantomime wasp I was the bees knees
9%
I did a gig to whole load of reindeers Slayed 'em
9%
So i went to Sooty's barbecue and I had a Sweepstake
7%
i hate scrabble so much I just Can't put it into words
4%
The seven of diamond, sorry my mind's Playing tricks on me
4%
The pollen count Thats a difficult job
4%
What concerns me is ill wind-up an old man and He'll attack me
2%
No matching quizzes found
Score Distribution
Percent of People with Each Score
Percentile by Number Answered
Your Score History
You have not taken this quiz